Представление документа в формате MARC21

Поле Инд. ПП Название Значение
Тип записи a
Библиографический уровень b
001 Контрольный номер RU/IS/BASE/289577767
005 Дата корректировки 20200522191309.9
008 Кодируемые данные 20090305
040 b Код языка каталог. rus
e Правила каталог. PSBO
041 0_ a Код языка текста rus
084 a Индекс другой классификации/Индекс ББК 82г; 83.3(2=411.2)5; 82.3(2=411.2)-431
100 1_ a Автор Федоровская Н. А.
245 10 a Заглавие Известный-неизвестный сборник Петра Бессонова "Калъки перехожие"
504 a Библиография Библиогр. - Примеч.
600 14 a Персоналии Бессонов Петр Алексеевич
650 04 a Основная рубрика история литературы
a Основная рубрика литературоведение
a Основная рубрика филологические науки
a Основная рубрика фольклор
653 0_ a Ключевые слова "Калъки перехожие"
a Ключевые слова XIX век
a Ключевые слова духовные стихи
a Ключевые слова Россия
a Ключевые слова русский фольклор
773 08 t Заглавие источника Вестник Московского университета. Серия 9, Филология
d Дата издания источника 2008
g Прочая информация № 2. - С. 72 - 78
w Контрольный № источника RU/IS/BASE/286474537
901 t Тип документа b